Loading...
| Fine Arts - Classical Music and Opera | 4 | 7 | 1 | 0 | 125 | 19 | 81.36 | 3 | 8 | 0.00 | 0.00 |
| Literature - American | 2 | 2 | 0 | 0 | 50 | 33 | 81.00 | 2 | 3 | 0.00 | 0.00 |
| Literature - British | 3 | 0 | 1 | 0 | 40 | 45 | 67.33 | 1 | 1 | 0.00 | 0.00 |
| Philosophy | 0 | 5 | 2 | 0 | 40 | 79 | 103.20 | 0 | 5 | 0.00 | 0.00 |
| Literature - World | 1 | 2 | 0 | 0 | 35 | 78 | 93.67 | 0 | 3 | 0.00 | 0.00 |
| Fine Arts - Other Arts | 0 | 2 | 0 | 0 | 20 | 90 | 94.00 | 0 | 1 | 0.00 | 0.00 |
| Literature - European | 0 | 2 | 0 | 0 | 20 | 101 | 117.50 | 1 | 1 | 0.00 | 0.00 |
| Other Academic | 0 | 2 | 0 | 0 | 20 | 79 | 93.00 | 0 | 1 | 0.00 | 0.00 |
| Visual Arts | 0 | 1 | 0 | 0 | 10 | 102 | 102.00 | 1 | 1 | 0.00 | 0.00 |
| Beliefs | 0 | 1 | 0 | 0 | 10 | 114 | 114.00 | 0 | 0 | 0.00 | 0.00 |
| Science - Biology | 0 | 1 | 0 | 0 | 10 | 99 | 99.00 | 0 | 0 | 0.00 | 0.00 |
| Social Science | 0 | 1 | 0 | 0 | 10 | 108 | 108.00 | 0 | 1 | 0.00 | 0.00 |
| History - American | 0 | 0 | 0 | 0 | 0 | 0.00 | 0 | 0 | 0.00 | 0.00 |